Využití botanice půdního fondu jako podkladu pro pozemkové úpravy.
Základné nedostatky súčasného systému evidencie pôdy. Základný princíp prevodu súčasného tvaru evidencie a bonitácie pôdneho fondu. Vytvorenie katalógu vecných údajov jednotlivých bonitných pôdnych ekologických jednotiek. Vyjadrenie finančných parametrov.
Saved in:
| Main Author: | |
|---|---|
| Other Authors: | |
| Format: | Book Chapter |
| Language: | Czech |
| Subjects: | |
| Tags: |
No Tags, Be the first to tag this record!
|
MARC
| LEADER | 00000naa a2200000 4500 | ||
|---|---|---|---|
| 001 | r005890 | ||
| 005 | 20221125081652.5 | ||
| 041 | 0 | |a cze | |
| 044 | |a [CS] | ||
| 245 | 1 | 0 | |a Využití botanice půdního fondu jako podkladu pro pozemkové úpravy. |c M. Frček, B. Slípka |
| 520 | |a Základné nedostatky súčasného systému evidencie pôdy. Základný princíp prevodu súčasného tvaru evidencie a bonitácie pôdneho fondu. Vytvorenie katalógu vecných údajov jednotlivých bonitných pôdnych ekologických jednotiek. Vyjadrenie finančných parametrov. | ||
| 610 | 2 | 0 | |a fond pôdny |
| 610 | 2 | 0 | |a bonita pôdy |
| 610 | 2 | 0 | |a systémy informačné |
| 100 | 1 | |a Frček, M. | |
| 700 | 1 | |a Slípka, B. | |